ARRUPE JESUIT UNIVERSITY

CORONAVIRUS -STOP THE SPREAD - CLEAN,DISINFECT,COVER

Lutar por Mozambique (Record no. 3959)

MARC details
000 -LEADER
fixed length control field 00511nam a2200205Ia 4500
003 - CONTROL NUMBER IDENTIFIER
control field 0100
008 - FIXED-LENGTH DATA ELEMENTS--GENERAL INFORMATION
fixed length control field 130227s9999 xx 000 0 und d
040 ## - CATALOGING SOURCE
Transcribing agency ARRUPELIB
050 ## - LIBRARY OF CONGRESS CALL NUMBER
Classification number DT459.M67
100 ## - MAIN ENTRY--PERSONAL NAME
Personal name Mondlane, Eduardo
9 (RLIN) 30350
245 ## - TITLE STATEMENT
Title Lutar por Mozambique
260 ## - PUBLICATION, DISTRIBUTION, ETC. (IMPRINT)
Name of publisher, distributor, etc Terceiro Mundo
Place of publication, distribution, etc Capa de Sebastiao Rodrigues
Date of publication, distribution, etc 1995
300 ## - PHYSICAL DESCRIPTION
Extent 276p
300 ## - PHYSICAL DESCRIPTION
Other physical details 21cm
650 ## - SUBJECT ADDED ENTRY--TOPICAL TERM
Topical term following geographic name as entry element Mozambique
General subdivision Politics
9 (RLIN) 30351
700 ## - ADDED ENTRY--PERSONAL NAME
Personal name da Graca Forjaz, Maria (ed)
9 (RLIN) 30352
942 ## - ADDED ENTRY ELEMENTS (KOHA)
Source of classification or shelving scheme Library of Congress Classification
Koha issues (borrowed), all copies 2
Item type Monograph ( Printed materials)
Holdings
Withdrawn status Lost status Source of classification or shelving scheme Damaged status Not for loan Collection code Home library Current library Shelving location Date acquired Total Checkouts Full call number Barcode Checked out Date last seen Date last borrowed Copy number Price effective from Koha item type
    Library of Congress Classification     Main Collection ARRUPE LIBRARY ARRUPE LIBRARY   27/02/2013 15 DT459.M67 46405129 25/10/2024 11/10/2024 11/10/2024 1 27/02/2013 Monograph ( Printed materials)

 

Arrupe Library. PO Box MP320 Mt Pleasant, Harare, Zimbabwe
263 242 745411|librarian@aju.ac.zw